000 01114nam a2200289 a 4500
001 30415
003 UkOxU
005 20211209051547.0
008 140409r19621922enk 001 0 eng d
035 _a(BD-RjUL)30500
040 _aBD-RjUL
_beng
_cBD-RjUL
041 0 _agereng
082 0 4 _a149.943
_219
_bWIT 1962
100 1 _aWittgenstein, Ludwig,
_d1889-1951.
_992420
245 1 0 _aTractatus logico-philosophicus /
_cLudwig Wittgenstein ; with an introduction by Bertrand Russell
260 _aLondon :
_bKegan Paul, Trench, Trübner,
_c1922 [Reprinted 1962]
300 _a207 p. ;
_c23 cm.
490 1 _aInternational library of psychology, philosophy, and scientific method
500 _aTranslation of: Logisch-Philosophische Abhandlung. - Parallel German text and English translation
504 _aIncludes Index
650 0 _aAnalysis (Philosophy)
_992421
650 0 _aLogic
_992422
700 1 _aRussell, Bertrand,
_d1872-1970.
_992423
830 0 _aInternational library of psychology, philosophy, and scientific method
_992430
942 _2ddc
_cBK
999 _c30415
_d30415